01327 2200385 4500001002100000005001500021035002000036007000300056008004100059336002100100337002300121338003800144040002200182245014900204300003200353020002200385082001400407084001400421264004200435500006900477650002800546850001200574856007500586852002000661700002900681700002900710700003000739700004000769990002200809990002200831990002200853990002200875990002200897990002200919INLIS00000000086606520211103084626 a0010-1121000146ta210705s2016 jkia bse ind d 2rdacontentateks 2rdamediaakomputer 2rdacarrierasumber sambung jaring aYOPDYOGbinderda10aEnsiklopedia junior :bbinatang kecil /cpenerjemah, Isma Soekoto; penyunting, Putri Sastra; ilustrasi, Bernard Alunni, Marie-Christine Lemayeur a1 berkas komputer (10,4 MB) a978-602-394-200-804223a590.3 a590.3 ENS31aJakarta :bBhuana Ilmu Populer,c2016 aUntuk mengakses buku ini silakan unduh aplikasi http://ijogja.id 4aBinatang--vEnsiklopedi aYOPDYOG40nPerpustakaan Digital iJogjauhttp://iJogja.id/publications/books/222648 aaplikasi iJogja0 aIsma Soekotoepenerjemah0 aPutri Sastraepenyunting0 aBernard Alunnieilustrasi0 aMarie-Christine Lemayeureilustrasi a000211-EPD/B.2017 a000212-EPD/B.2017 a000212-EPD/B.2017 a000211-EPD/B.2017 a000211-EPD/B.2017 a000212-EPD/B.2017